01221nac a22002891i 4500003000900000005001700009008004100026040004300067082001700110100006800127245021300195250005100408264003700459264001000496300004000506336002600546337002800572338002700600500002100627650003300648650003100681655001700712700003500729942001200764999001500776952014000791EG-ScBUE20240826115846.0240826s1970 nyua f 001 0 eng d aEG-ScBUEbengerdacEG-ScBUEdEG-ScBUE04a510bPIP2221 a Pipes, Louis A.‏q(Louis Albert),‏d1910-1971‏,eauthor.10aApplied mathematics for engineers and physicists /cLouis A. Pipes, professor of engineering, University of California, Lawrence R. Harvill, associate professor of engineering science, University of Redlands. aThird edition,binternational student edition. 1aNew York :bMcGraw-Hill,c[1970] 4cc1970 a723 pages :billustrations ;c24 cm 2rdacontentatextbtxt aunmediated2rdamediabn avolumebnc2rdacarrier aIncludes index.  7aMathematical physics.2BUEsh 7aMechanics, Applied.2BUEsh vReading book aHarvill, Lawrence R.,eauthor. cBB2ddc c4450d4450 00102ddc40708AlahramaMAINbMAINc1STd2006-09-07ePurchasel2o510 PIPp000005420r2025-07-15 00:00:00s2019-12-24w2007-09-06yBB